The fundraising planner : A working model for raising the dollars you need

Guardado en:
Detalles Bibliográficos
Autor principal: Schaff, Terry
Formato: Libro
Lenguaje:Undetermined
Publicado: Boston, MA Jossey-Bass 1999
Materias:
Etiquetas: Agregar Etiqueta
Sin Etiquetas, Sea el primero en etiquetar este registro!
Thư viện lưu trữ: Trung tâm Học liệu Trường Đại học Cần Thơ
LEADER 00574nam a2200205Ia 4500
001 CTU_121532
008 210402s9999 xx 000 0 und d
082 |a 658.15224 
082 |b S296 
100 |a Schaff, Terry 
245 4 |a The fundraising planner : 
245 2 |b A working model for raising the dollars you need 
245 0 |c Terry Schaff, Doug 
260 |a Boston, MA 
260 |b Jossey-Bass 
260 |c 1999 
650 |a Fund raising 
650 |x Handbooks, manual, etc 
904 |i Tuyến 
980 |a Trung tâm Học liệu Trường Đại học Cần Thơ